| 000 | 01685nam a22002897a 4500 | ||
|---|---|---|---|
| 005 | 20080828121646.0 | ||
| 008 | 080828t xxu||||| |||| 00| 0 hin d | ||
| 010 | _aHIN-84109 | ||
| 020 | _c30.00 | ||
| 035 | _aHN-56455 | ||
| 037 | _aDBAD / PUB | ||
| 040 |
_aDPL _bHN |
||
| 082 | _a616.13206 | ||
| 100 | _aसक्सेना, ओमप्रकाश | ||
| 245 |
_aब्लड प्रेशर की सरल चिकित्सा _cओमप्रकाश सक्सेना |
||
| 246 |
_aBlood pressure kii sarala chikitsa _bby Om Prakash |
||
| 260 |
_aदिल्ली _bराजश्री प्रकाशन _c2005 |
||
| 270 |
_a330/1, मेन रोड, बुराड़ी _bदिल्ली _e110084 _k27611410, 27611038, 27612036 _l27611227 _mrajam@nda.vsnl.net.in |
||
| 300 |
_a163पृ _c18सेमी (अजिल्द) |
||
| 500 | _aहाई व लो ब्लड प्रेशर (उच्च व निम्न) होने के कारण, लक्षण, सावधानियां तथा अनेकों चिकित्सा पद्धतियों द्वारा सफल उपचार | ||
| 650 |
_aउच्च रक्तचाप _xउपचार |
||
| 650 |
_aHypertension _xTreatment |
||
| 650 |
_aनिम्न रक्तचाप _xउपचार |
||
| 650 |
_aLow blood pressure _xTreatment |
||
| 942 |
_2ddc _cHN _mसक्सेना _h616.13206 |
||
| 999 |
_c15183 _d15183 |
||